000 00638 a2200181 4500
003 Nust
005 20170207153214.0
040 _cNust
082 _a005.1
100 _aKahlon, Saarah (MSCS-13)
245 _aFace super-resolution using direct locality preserving projections
_cSaarah Kahlon
260 _bMCS,NUST
_c2009
_aRawalpindi
300 _axiii, 85, p.;
505 _aIntroduction (page-1) Literature review (page-8) Dimensionality reduction (page-16) Methodology and system design (page-42) Results and analysis (page-54) Conclusion (page-78)
538 _aAlmirah No 69 Shelf No 4
650 _aPG Thesis
651 _aMSCS-13
942 _cTHS
999 _c181516
_d181516